000 00349 a2200145 4500
001 161651
020 _a
040 _cMagnum
100 _aBarcellos, Gladis Maria Ferrao
240 1 0 _aHora do conto da fantasia ao prazer de ler
_lpor
245 1 0 _aHora do conto da fantasia ao prazer de ler
362 0 _a1899
697 _aGERAL
942 _cBK
999 _c161651
_d161651